000 00278nam a2200121Ia 4500
008 190216s9999||||xx |||||||||||||| ||und||
100 _aRobert C Appleby
245 0 _aModern Business Administration
260 _bNull
_c1978
300 _a365p
650 _aCommerce
942 _cBK
999 _c4420
_d4420